[Event "Titled Tuesday intern op 16th Apr Early"]
[White "Vaicekauskas, Gytis"]
[Black "Schirmbeck, Lilian"]
[Site "Chess.com INT"]
[Round "8"]
[Result "1-0"]
[Date "2024.04.16"]
[WhiteElo "2212"]
[BlackElo "1790"]
[PlyCount "85"]
[EventDate "2024.04.16"]
[EventType "swiss (blitz)"]
[EventRounds "11"]
[EventCountry "USA"]
[SourceTitle "CBM 219 Extra"]
[Source "ChessBase"]
[SourceDate "2024.05.31"]
[SourceVersion "1"]
[SourceVersionDate "2024.05.31"]
[SourceQuality "1"]

1. e4 c6 2. Nf3 d5 3. Nc3 dxe4 4. Nxe4 Nf6 5. Qe2 Nxe4 6. Qxe4 Qd5 7. Qf4 e6 8. Bc4 Qd6 9. Qe4 Be7 10. 0-0 0-0 11. d4 Bf6 12. c3 Rd8 13. Bg5 Qe7 14. Bd3 g6 15. Qh4 Nd7 16. Rfe1 Bxg5 17. Nxg5 Nf8 18. Re3 h5 19. Qf4 Nh7 20. Nxh7 Kxh7 21. Rae1 Kg7 22. Re5 Qf6 23. Qg3 Rd5 24. Bc4 Rxe5 25. Rxe5 b6 26. Rxh5 Bb7 27. h4 Rd8 28. b4 c5 29. bxc5 bxc5 30. Rxc5 Bd5 31. Bxd5 Rxd5 32. Rxd5 exd5 33. Qe5 Qxe5 34. dxe5 Kf8 35. f4 Ke7 36. Kf2 Ke6 37. g4 f6 38. exf6 Kxf6 39. Ke3 Ke6 40. Kd4 Kd6 41. f5 gxf5 42. gxf5 a5 43. h5 1-0

[Event "Titled Tuesday intern op 09th Apr Early"]
[White "Schirmbeck, Lilian"]
[Black "Koutlas, Nikolaos"]
[Site "Chess.com INT"]
[Round "1"]
[Result "0-1"]
[Date "2024.04.09"]
[WhiteElo "1790"]
[BlackElo "2332"]
[PlyCount "50"]
[EventDate "2024.04.09"]
[EventType "swiss (blitz)"]
[EventRounds "11"]
[EventCountry "USA"]
[SourceTitle "EXT 2025"]
[Source "ChessBase"]
[SourceDate "2024.10.14"]
[SourceVersion "1"]
[SourceVersionDate "2024.10.14"]
[SourceQuality "1"]

1. d4 e6 2. c4 d5 3. Nc3 Ne7 4. Nf3 c6 5. g3 Nd7 6. Bg2 Nf6 7. 0-0 Nf5 8. Bf4 Be7 9. Re1 Nd6 10. Ne5 0-0 11. c5 Nde4 12. f3 Nxc3 13. bxc3 Nd7 14. Nxd7 Bxd7 15. e4 b6 16. cxb6 axb6 17. Qc2 c5 18. Be3 dxe4 19. fxe4 cxd4 20. cxd4 Ra3 21. Qf2 Qb8 22. Rab1 Qa7 23. Rb2 Qa5 24. d5 Rxe3 25. Qxe3 Bc5 0-1

[Event "GER-chT U12 Girls"]
[White "Rafikova, Ailin"]
[Black "Schirmbeck, Lilian"]
[Site "Magdeburg"]
[Round "6.2"]
[Result "0-1"]
[Date "2023.12.29"]
[WhiteElo "1399"]
[BlackElo "1585"]
[PlyCount "118"]
[EventDate "2023.12.26"]
[EventType "team-swiss"]
[EventRounds "7"]
[EventCountry "GER"]
[SourceTitle "CBM 218 Extra"]
[Source "ChessBase"]
[SourceDate "2024.03.31"]
[SourceVersion "1"]
[SourceVersionDate "2024.03.31"]
[SourceQuality "1"]
[WhiteTeam "Magdeburg Schachzwerge"]
[BlackTeam "Porz SG"]
[WhiteTeamCountry "GER"]
[BlackTeamCountry "GER"]

1. e4 c6 2. Nc3 d5 3. Qf3 d4 4. Bc4 Nf6 5. Nce2 e5 6. d3 h5 7. Qg3 Nbd7 8. h3 c5 9. f4 h4 10. Qf2 Bd6 11. f5 b5 12. Bb3 Qc7 13. a3 c4 14. Ba2 Nc5 15. Qf3 Bb7 16. b4 Ncd7 17. Bd2 Rc8 18. Bb1 c3 19. Bg5 Ra8 20. Bxf6 Nxf6 21. Nc1 a5 22. Nb3 axb4 23. axb4 Rxa1 24. Nxa1 Bxb4 25. Nb3 Bc6 26. g3 Qa7 27. Ne2 Nd7 28. gxh4 Nc5 29. Nec1 Qa3 30. Nxc5 Qxc1+ 31. Kf2 Qd2+ 32. Kg3 Bxc5 33. Rd1 Qh6 34. Qg4 Be7 35. Ba2 Qe3+ 36. Qf3 Qxf3+ 37. Kxf3 Rxh4 38. Kg3 Rf4 39. Bb3 Bh4+ 40. Kg2 Rxf5 41. Kh1 Rf2 42. Rg1 g5 43. Rd1 Bd7 44. Ra1 Be6 45. Bxe6 fxe6 46. Rb1 Rxc2 47. Rxb5 Bg3 48. Rb1 Rd2 49. h4 gxh4 50. Rb8+ Ke7 51. Rb7+ Kf6 52. Rb1 c2 53. Rf1+ Kg7 54. Kg1 Rd1 55. Kg2 Rxf1 56. Kh3 c1Q 57. Kg4 Rf4+ 58. Kh5 Qd1+ 59. Kg5 Qg4# 0-1

[Event "GER-chT U12 Girls"]
[White "Schirmbeck, Lilian"]
[Black "Shynkar, Daria"]
[Site "Magdeburg"]
[Round "2.2"]
[Result "1-0"]
[Date "2023.12.27"]
[WhiteElo "1585"]
[BlackElo "1316"]
[PlyCount "21"]
[EventDate "2023.12.26"]
[EventType "team-swiss"]
[EventRounds "7"]
[EventCountry "GER"]
[SourceTitle "CBM 218 Extra"]
[Source "ChessBase"]
[SourceDate "2024.03.31"]
[SourceVersion "1"]
[SourceVersionDate "2024.03.31"]
[SourceQuality "1"]
[WhiteTeam "Porz SG"]
[BlackTeam "Paderborn Akademie"]
[WhiteTeamCountry "GER"]
[BlackTeamCountry "GER"]

1. d4 Nf6 2. Bf4 d5 3. Nf3 c5 4. dxc5 Bf5 5. e3 e6 6. Bxb8 Rxb8 7. Bb5+ Ke7 8. 0-0 Qc7 9. Nd4 Bg6 10. b4 a6 11. Be2 1-0

[Event "EU-chT U12 Girls"]
[White "Matskevich, Varvara"]
[Black "Schirmbeck, Lilian"]
[Site "Iasi"]
[Round "2.2"]
[Result "1-0"]
[Date "2023.07.25"]
[WhiteElo "1676"]
[BlackElo "1661"]
[PlyCount "131"]
[EventDate "2023.07.24"]
[EventType "team-swiss"]
[EventRounds "7"]
[EventCountry "ROU"]
[SourceTitle "CBM 215 Extra"]
[Source "ChessBase"]
[SourceDate "2023.09.30"]
[SourceVersion "1"]
[SourceVersionDate "2023.09.30"]
[SourceQuality "1"]
[WhiteTeam "Poland U12 Girls"]
[BlackTeam "Germany U12 Girls"]
[WhiteTeamCountry "POL"]
[BlackTeamCountry "GER"]

1. d4 d5 2. c4 dxc4 3. e3 a6 4. Bxc4 Nf6 5. Nf3 e6 6. 0-0 c5 7. a4 Nc6 8. Nc3 cxd4 9. exd4 Be7 10. Be3 0-0 11. Qe2 Nb4 12. Rfd1 Qa5 13. Ne5 Rd8 14. Rac1 Bd7 15. Bf4 Rac8 16. Bg5 h6 17. Bxf6 Bxf6 18. Nxd7 Rxd7 19. Bxe6 Re7 20. Bxc8 Rxe2 21. Nxe2 Qxa4 22. Bxb7 Qb5 23. Be4 g6 24. Rd2 Qb8 25. f4 Qe8 26. Nc3 Na2 27. Re1 Nxc3 28. bxc3 Qc8 29. Rc2 Qc7 30. g3 a5 31. Kg2 a4 32. Ra1 Qc4 33. Kf3 Qb3 34. Ke2 a3 35. Kd3 h5 36. Kd2 Kf8 37. Bd3 Kg7 38. Re1 Kf8 39. Be4 Qc4 40. Bf3 h4 41. Be4 hxg3 42. hxg3 a2 43. Ke3 g5 44. Ra1 gxf4+ 45. gxf4 Qe6 46. Raxa2 Qh3+ 47. Bf3 Qe6+ 48. Kd3 Qf5+ 49. Be4 Qh3+ 50. Kd2 Qh2+ 51. Kd1 Qg1+ 52. Kd2 Qf2+ 53. Kd3 Qg3+ 54. Kc4 Qxf4 55. Re2 Qc7+ 56. Kd3 Qg3+ 57. Kc2 Qf4 58. Ra5 Qc7 59. Ra8+ Kg7 60. Rg2+ Kh6 61. Ra1 Bh4 62. Rh1 Qf4 63. Bd3 Kh5 64. Be2+ Kh6 65. Rgh2 Qe4+ 66. Bd3 1-0

[Event "Wch U10 Girls blitz"]
[White "Schirmbeck, Lilian"]
[Black "Chiokadze, Barbare"]
[Site "Batumi"]
[Round "9"]
[Result "0-1"]
[Date "2023.06.11"]
[WhiteElo "1561"]
[BlackElo "1182"]
[PlyCount "108"]
[EventDate "2023.06.10"]
[EventType "swiss (blitz)"]
[EventRounds "11"]
[EventCountry "GEO"]
[SourceTitle "EXT 2024"]
[Source "ChessBase"]
[SourceDate "2023.10.10"]
[SourceVersion "1"]
[SourceVersionDate "2023.10.10"]
[SourceQuality "1"]
[WhiteTeam "Germany"]
[BlackTeam "Georgia"]
[WhiteTeamCountry "GER"]
[BlackTeamCountry "GEO"]

1. d4 Nf6 2. c4 e6 3. Nc3 d5 4. Bg5 Be7 5. Nf3 0-0 6. e3 h6 7. Bh4 Nbd7 8. Bd3 c5 9. 0-0 b6 10. Bg3 a6 11. Rc1 Bb7 12. Qe2 Re8 13. Rfd1 Nh5 14. cxd5 Nxg3 15. hxg3 exd5 16. Qc2 c4 17. Bf1 Nf6 18. b3 b5 19. a4 b4 20. Ne2 c3 21. Nf4 Rc8 22. Ne5 Bd6 23. Ned3 a5 24. Ne1 Bc6 25. Qf5 Bc7 26. Nf3 Bd7 27. Qd3 Bg4 28. Qb5 Bxf3 29. gxf3 Bxf4 30. gxf4 Rb8 31. Qd3 Qd7 32. Re1 Qe7 33. Bg2 Rbc8 34. Qb5 Qc7 35. e4 dxe4 36. fxe4 Qxf4 37. e5 Nh5 38. Qxa5 Qxd4 39. Qb5 c2 40. a5 Nf4 41. a6 Nd3 42. Re4 Qxf2+ 43. Kh1 Nxc1 44. a7 Qf5 45. Re1 Nd3 46. Rf1 c1Q 47. Rxc1 Rxc1+ 48. Kh2 Qh5+ 49. Bh3 Rc2+ 50. Kg3 Qg5+ 51. Kf3 Nxe5+ 52. Ke4 Ng6+ 53. Kd3 Qxb5+ 54. Kxc2 Re2+ 0-1

[Event "Wch U10 Girls blitz"]
[White "Milner, Romi"]
[Black "Schirmbeck, Lilian"]
[Site "Batumi"]
[Round "6"]
[Result "1-0"]
[Date "2023.06.10"]
[WhiteElo "1693"]
[BlackElo "1561"]
[PlyCount "61"]
[EventDate "2023.06.10"]
[EventType "swiss (blitz)"]
[EventRounds "11"]
[EventCountry "GEO"]
[SourceTitle "EXT 2024"]
[Source "ChessBase"]
[SourceDate "2023.10.10"]
[SourceVersion "1"]
[SourceVersionDate "2023.10.10"]
[SourceQuality "1"]
[WhiteTeam "United States"]
[BlackTeam "Germany"]
[WhiteTeamCountry "USA"]
[BlackTeamCountry "GER"]

1. d4 d5 2. Nf3 Nf6 3. Bf4 e6 4. e3 c5 5. Nbd2 Nc6 6. c3 Qb6 7. Qc2 cxd4 8. exd4 Bd7 9. Bd3 Rc8 10. Qb3 Qxb3 11. axb3 a6 12. b4 Be7 13. 0-0 0-0 14. Ra2 Rfd8 15. Rfa1 Nh5 16. Be3 Bd6 17. b5 axb5 18. Bxb5 Nf4 19. Nb3 Ng6 20. Na5 Nxa5 21. Bxd7 Rxd7 22. Rxa5 Nf4 23. Ra8 Rdc7 24. R1a7 b6 25. Rxc8+ Rxc8 26. Rd7 Bb8 27. Rb7 Bc7 28. Bxf4 Bxf4 29. Rxb6 Ra8 30. g3 Bg5 31. Nxg5 1-0

[Event "Wch U10 Girls rapid"]
[White "Komiljonova, Lazizabonu"]
[Black "Schirmbeck, Lilian"]
[Site "Batumi"]
[Round "3"]
[Result "0-1"]
[Date "2023.06.06"]
[WhiteElo "1088"]
[BlackElo "1436"]
[PlyCount "62"]
[EventDate "2023.06.06"]
[EventType "swiss (rapid)"]
[EventRounds "11"]
[EventCountry "GEO"]
[SourceTitle "EXT 2024"]
[Source "ChessBase"]
[SourceDate "2023.10.10"]
[SourceVersion "1"]
[SourceVersionDate "2023.10.10"]
[SourceQuality "1"]
[WhiteTeam "Uzbekistan"]
[BlackTeam "Germany"]
[WhiteTeamCountry "UZB"]
[BlackTeamCountry "GER"]

1. d4 d5 2. Nc3 Nf6 3. Bf4 a6 4. e3 e6 5. Nf3 c5 6. Be2 Nc6 7. 0-0 cxd4 8. exd4 Bd6 9. Bg3 0-0 10. Re1 Bb4 11. Bd3 Qa5 12. Bh4 Bxc3 13. bxc3 Qxc3 14. Bxf6 gxf6 15. Ng5 fxg5 16. Qh5 f5 17. Qxg5+ Kh8 18. Qh6 Bd7 19. g4 Qxd4 20. gxf5 exf5 21. Kf1 Qg7 22. Qh3 Rg8 23. Qg3 Qxg3 24. hxg3 Rae8 25. Kg2 Nb4 26. Red1 Nxd3 27. Rxd3 Bc6 28. f4 Re2+ 29. Kf3 Rge8 30. Rc3 d4+ 31. Rxc6 R8e3# 0-1